01253nam a22002777a 4500003000900000005001700009007000300026008003100029040002500060082000700085100004200092245006600134260003500200300002100235500005700256500006000313504003300373590002600406910001500432942001400447952012400461952012900585952012900714952011500843999001700958DO-SdBNP20220425095500.0ta210909b 2017 dr 00| 0 eng d aDO-SdBNPbspacBNPHU 42221 aVargas Guerrero, J. Alejandro 9797911 aMedidas de coerción personal/cJ. Alejandro Vargas Guerrero aSanto Domingo :bs.n. ,c2017. a254 p. ;c24 cm. aIncluye datos biográficos del autor en las solapas a la biblioteca posee la 1ra reimpresión del 2016 aBibliografías : p. 199-202 aInventariado, 2021/BT aBtavárez 2ddccLBS1 00102ddc53708PDaBNPHUbBNPHUcHDd2021-09-09eDepósito LegaloBNPHU PDp2021-26240r2021-09-09w2021-09-09yLBS1 00102ddc53708PDaBNPHUbBNPHUcHDd2021-09-09eDepósito LegaloBNPHU PDp2021-26241r2021-09-09te.2w2021-09-09yLBS1 00102ddc56708DSaBNPHUbBNPHUcCTd2021-09-09eDepósito LegaloBNPHU DSp2021-26242r2021-09-09te.3w2021-09-09yLBS1 00102ddc56708DSaBNPHUbBNPHUcHDd2022-04-25eDonaciónl0p2022-1510r2022-04-25te.4w2022-04-25yLBS1 c50450d50450